| 000 | 00684nam a22002297a 4500 | ||
|---|---|---|---|
| 005 | 20170124110148.0 | ||
| 010 | _aB-209666 | ||
| 020 |
_c00.00 _a8185212775 |
||
| 035 | _aB-209666 | ||
| 037 | _bCen Lib/Ret | ||
| 040 |
_aDPL _bEN |
||
| 082 |
_a023.2 _bCHO |
||
| 100 |
_aChopra, Hans Raj _933818 |
||
| 245 |
_aPerformance appraisal of library professionals / _cby Hans Raj Chopra |
||
| 260 |
_aChandigarh _bArun Publishing House _c2001 |
||
| 270 |
_aSCO 49-51, Sector -17C _bChandigarh _e160017 |
||
| 300 |
_a96p. _c21cm(Hb) |
||
| 650 |
_aLibrary Science _933819 |
||
| 650 |
_alibrary professionals _933820 |
||
| 700 | _933767 | ||
| 942 |
_2ddc _cEN _h023.2 _mCHO |
||
| 999 |
_c132142 _d132142 |
||